Central Library OPAC University of Rajshahi

নিসর্গ, নির্মাণ ও নান্দনিক ভাবনা / (Record no. 39622)

MARC details
000 -LEADER
fixed length control field 00943nam a2200241 a 4500
001 - CONTROL NUMBER
control field 39622
003 - CONTROL NUMBER IDENTIFIER
rucl marc code BD-RjUL
005 - DATE AND TIME OF LATEST TRANSACTION
control field 20211209053029.0
008 - FIXED-LENGTH DATA ELEMENTS--GENERAL INFORMATION
fixed length control field 160413b20072000bg ||||| |||| 001 0 ben d
020 ## - INTERNATIONAL STANDARD BOOK NUMBER
International Standard Book Number 9840502166
Terms of availability : Tk.250.00
035 ## - SYSTEM CONTROL NUMBER
System control number (BD-RjUL) 39735
040 ## - CATALOGING SOURCE
Original cataloging agency BD-RjUL
Language of cataloging ben
Transcribing agency BD-RjUL
041 ## - LANGUAGE CODE
Language code of text/sound track or separate title ben
082 ## - DEWEY DECIMAL CLASSIFICATION NUMBER
Edition number 23
Classification number 580.73
Author mark and year SAN 2007
100 ## - MAIN ENTRY--PERSONAL NAME
Personal name শর্মা, দ্বিজেন
9 (RLIN) 122027
245 ## - TITLE STATEMENT
Title নিসর্গ, নির্মাণ ও নান্দনিক ভাবনা /
Statement of responsibility, etc. দ্বিজেন শর্মা
260 ## - PUBLICATION, DISTRIBUTION, ETC. (IMPRINT)
Place of publication, distribution, etc. ঢাকা :
Name of publisher, distributor, etc. দি ইউনিভার্সিটি প্রেস লিমিটেড,
Date of publication, distribution, etc. ২০০০ [মুদ্রণ ২০০৭]
300 ## - PHYSICAL DESCRIPTION
Pagination x, ২৩০ পৃ. ;
Size ২২ সেমি.
500 ## - GENERAL NOTE
General note নির্ঘণ্ট সংযুক্ত
650 ## - SUBJECT ADDED ENTRY--TOPICAL TERM
Topical term or geographic name as entry element উদ্ভিদ
9 (RLIN) 130864
Topical term or geographic name as entry element Plant
9 (RLIN) 130865
942 ## - ADDED ENTRY ELEMENTS (KOHA)
Source of classification or shelving scheme Dewey Decimal Classification
Koha item type Books
Holdings
Lost status Source of classification or shelving scheme Damaged status Not for loan Collection code Permanent Location Current Location Shelving location Date acquired Source of acquisition Cost, normal purchase price Total Checkouts Full call number Date last seen Copy number Koha item type Total Renewals Date checked out
  Dewey Decimal Classification   Not For Loan Non-fiction Central Library, University of Rajshahi Central Library, University of Rajshahi Reading Room 26/12/2013 Prothoma Prokashon, Dhaka 250.00   B 580.73 SAN 2007 13/04/2016 C-1 Books    
  Dewey Decimal Classification     Non-fiction Central Library, University of Rajshahi Central Library, University of Rajshahi   26/12/2013 Prothoma Prokashon, Dhaka 250.00   B 580.73 SAN 2007 13/04/2016 C-2 Books    
  Dewey Decimal Classification     Non-fiction Central Library, University of Rajshahi Central Library, University of Rajshahi   26/12/2013 Prothoma Prokashon, Dhaka 250.00 1 B 580.73 SAN 2007 24/11/2019 C-3 Books 1 28/10/2019